| 000 | 00459nam a22001817a 4500 | ||
|---|---|---|---|
| 999 |
_c525530 _d525530 |
||
| 003 | NUST | ||
| 005 | 20190702155250.0 | ||
| 020 | _c (Hbk) | ||
| 038 | _aM. Shaban | ||
| 082 |
_a891.4393 _bFAR |
||
| 100 |
_aFarooq Durrani _916428 |
||
| 245 |
_aUdaas kainat / _cFarooq Durrani |
||
| 260 |
_aRawalpind : _bBook Center, |
||
| 300 | _a263 p. ; | ||
| 880 |
_6100-01\r _aفاروق درانی |
||
| 880 |
_6245-02\r _aاُداس کا ئنات / |
||
| 942 |
_2ddc _cBK |
||